[Event "Olympiad Women-44"]
[Site "Chennai"]
[Date "2022.08.06"]
[Round "8.3"]
[White "Ayele, Hana Mulugeta"]
[Black "Ray, Hiya"]
[Result "0-1"]
[WhiteElo "1437"]
[BlackElo "1586"]
[PlyCount "108"]
[EventDate "2022.07.29"]
[EventType "team-swiss"]
[EventRounds "11"]
[EventCountry "IND"]
[SourceTitle "CBM 210"]
[Source "ChessBase"]
[SourceDate "2022.10.31"]
[SourceVersion "1"]
[SourceVersionDate "2022.10.31"]
[SourceQuality "1"]
[WhiteTeam "Ethiopia (W)"]
[BlackTeam "Wales (W)"]
[WhiteTeamCountry "ETH"]
[BlackTeamCountry "WLS"]

1. e4 c5 2. Nf3 Nc6 3. Bc4 e6 4. Nc3 Nf6 5. d3 a6 6. a3 b5 7. Ba2 Bb7 8. Bg5 h6 9. Bh4 g5 10. Bg3 Nh5 11. h3 Nxg3 12. fxg3 Bd6 13. Ne2 Qc7 14. Kf2 0-0-0 15. g4 Ne5 16. c3 f5 17. Nxe5 Bxe5 18. gxf5 exf5 19. exf5 Rdf8 20. Rf1 Rxf5+ 21. Ke3 Bf4+ 22. Nxf4 Rxf4 23. Rg1 Re8+ 24. Kd2 Rf2+ 25. Kc1 Qf4+ 26. Kb1 Ree2 27. Qc1 Qg3 28. Bb3 Qxd3+ 29. Ka2 Qd2 30. Qxd2 Rxd2 31. Rab1 c4 32. Bd1 Be4 33. Bf3 Bxb1+ 34. Rxb1 d5 35. a4 b4 36. cxb4 c3 37. Kb3 Rxb2+ 38. Rxb2 cxb2 39. Ka2 Rd2 40. Kb1 Kc7 41. g3 Kc6 42. h4 Rd4 43. b5+ axb5 44. axb5+ Kxb5 45. Kxb2 gxh4 46. gxh4 Rxh4 47. Bxd5 Rd4 48. Bf3 Kc5 49. Kc3 Rd6 50. Be2 Kc6 51. Bd3 h5 52. Kd2 h4 53. Ke3 Rxd3+ 54. Kxd3 h3 0-1

[Event "Addis Ababa zt 4.4 (Women)"]
[Site "Addis Ababa"]
[Date "2022.05.06"]
[Round "6"]
[White "Ayele, Hana Mulugeta"]
[Black "Lema, Bitaniya Ermiyas"]
[Result "1-0"]
[WhiteElo "1408"]
[BlackElo "1403"]
[PlyCount "46"]
[EventDate "2022.05.02"]
[EventType "swiss"]
[EventRounds "9"]
[EventCountry "ETH"]
[SourceTitle "CBM 208 Extra"]
[Source "ChessBase"]
[SourceDate "2022.07.31"]
[SourceVersion "1"]
[SourceVersionDate "2022.07.31"]
[SourceQuality "1"]

1. e4 c5 2. Nf3 Nc6 3. Bc4 g6 4. 0-0 Bg7 5. a3 e5 6. d3 Nf6 7. Bg5 0-0 8. Nc3 d6 9. h3 Be6 10. Nd5 Rb8 11. Ba2 Re8 12. Nh2 Bxd5 13. Bxd5 Qd7 14. Ba2 a5 15. f4 exf4 16. Rxf4 Nh5 17. Rxf7 Qxf7 18. Bxf7+ Kxf7 19. c3 Kg8 20. Qb3+ Kh8 21. Rf1 Rf8 22. Rxf8+ Rxf8 23. Qxb7 Ne5 1-0